Bí quyết luyện thi IELTS = IELTS essential guide
Cuốn sách tập hợp các đề thi mẫu, đáp án và diễn giải (có kèm đĩa CD) do các chuyên gia IELTS hàng đầu của Hội đồng Anh biên soạn
Enregistré dans:
| Format: | Livre |
|---|---|
| Langue: | Undetermined |
| Publié: |
Hà Nội
Phụ nữ
2017
|
| Sujets: | |
| Tags: |
Ajouter un tag
Pas de tags, Soyez le premier à ajouter un tag!
|
| Thư viện lưu trữ: | Trung tâm Học liệu Trường Đại học Cần Thơ |
|---|
| LEADER | 00835nam a2200217Ia 4500 | ||
|---|---|---|---|
| 001 | CTU_226421 | ||
| 008 | 210402s9999 xx 000 0 und d | ||
| 020 | |c 360000 | ||
| 082 | |a 428.0076 | ||
| 082 | |b B300 | ||
| 245 | 0 | |a Bí quyết luyện thi IELTS = | |
| 245 | 0 | |b IELTS essential guide | |
| 245 | 0 | |c British Council (Biên dịch) | |
| 260 | |a Hà Nội | ||
| 260 | |b Phụ nữ | ||
| 260 | |c 2017 | ||
| 520 | |a Cuốn sách tập hợp các đề thi mẫu, đáp án và diễn giải (có kèm đĩa CD) do các chuyên gia IELTS hàng đầu của Hội đồng Anh biên soạn | ||
| 650 | |a English language,Tiếng Anh | ||
| 650 | |x Examinations,Study guides,Kỳ thi,Hướng dẫn học | ||
| 910 | |b nthai | ||
| 980 | |a Trung tâm Học liệu Trường Đại học Cần Thơ | ||